Khảo sát một số yếu tố ảnh hưởng đến chiết xuất Isoflavon từ hạt đậu nành
Khảo sát một số yếu tố ảnh hưởng đến chiết xuất Isoflavon từ hạt đậu nành. Nhận dạng một số Isoflavon từ hạt đậu nành.
Đã lưu trong:
| Príomhúdar: | |
|---|---|
| Údair Eile: | |
| Formáid: | Leabhar |
| Teanga: | Vietnamese |
| Foilsithe: |
Đà Nẵng
Đại học Sư phạm, Đại học Đà Nẵng
2013
|
| Ábhair: | |
| Clibeanna: |
Cuir Clib Leis
Gan Chlibeanna, Bí ar an gcéad duine leis an taifead seo a chlibeáil!
|
| Thư viện lưu trữ: | Mạng thư viện Đại học Đà Nẵng |
|---|
| LEADER | 01644nam a2200349 4500 | ||
|---|---|---|---|
| 001 | 000018763 | ||
| 003 | 15198 | ||
| 005 | 20140109080154.0 | ||
| 008 | 131227s2013 viesd | ||
| 041 | |a vie | ||
| 082 | 1 | 4 | |a 664.726 |b TR-N |
| 100 | 1 | |a Trương Đỗ Thùy Ni | |
| 245 | 1 | 0 | |a Khảo sát một số yếu tố ảnh hưởng đến chiết xuất Isoflavon từ hạt đậu nành |c Trương Đỗ Thùy Ni ; Phạm Văn Vượng hướng dẫn |k Khóa luận tốt nghiệp |
| 260 | |a Đà Nẵng |b Đại học Sư phạm, Đại học Đà Nẵng |c 2013 | ||
| 300 | |a 34 tr., phụ lục 3 tr. |b Hình mh. |c 29 cm. |e Bản tóm tắt | ||
| 500 | |a Khóa luận tốt nghiệp đại học. Chuyên ngành: Cử nhân Hóa Dược | ||
| 520 | |a Khảo sát một số yếu tố ảnh hưởng đến chiết xuất Isoflavon từ hạt đậu nành. Nhận dạng một số Isoflavon từ hạt đậu nành. | ||
| 650 | 0 | 4 | |a Hạt đậu nành |v Khóa luận tốt nghiệp |x Chiết xuất isoflavon |
| 653 | |a Hạt đậu nành | ||
| 653 | |a Khoa Hóa | ||
| 653 | |a Chiết xuất isoflavon | ||
| 700 | 1 | |a Phạm Văn Vượng |e Hướng dẫn | |
| OWN | |a LSP | ||
| AVA | |a UDN50 |b LSP |d 664.726 TR-N |e available |t Error 5001 Not defined in file expand_doc_bib_avail. |f 1 |g 0 |h N |i 0 |k 1 | ||
| 999 | |a From the UDN01 | ||
| AVA | |a UDN50 |b LSP |d 664.726 TR-N |e available |t Error 5001 Not defined in file expand_doc_bib_avail. |f 1 |g 0 |h N |i 0 |k 1 | ||
| TYP | |a Monograph | ||
| TYP | |a Printed language | ||
| 980 | |a Mạng thư viện Đại học Đà Nẵng | ||